=LDR 00000nam 2200000 4500 =001 INLIS000000000047736 =005 20230523092604 =035 ##$$a 0010-021600000000124 =008 230523################g##########0#ind## =041 ##$$a Ind =082 ##$$a 323.6 =090 ##$$a 341, Waw w =245 1#$$a Wawasan Kebangsaan Konsepsi dan Aktualisasi /$c Ir. Sudharmadi WS [ at.al ] =260 ##$$a Jakarta :$b Kementrian Koordinator Bidang Politik, Hukum dan Keamanan,$c 2008 =300 ##$$a vi, 203 hlm ; $c 21 x 15 cm =650 #4$$a Kebangsaan =850 ##$$a NBPNMAT =084 ##$$a 323.6 WAW w =500 ##$$a Bibliografi : hlm. 199-203 =100 #$$a Sudharmadi =990 ##$$a 31200388 =990 ##$$a 31500435 =990 ##$$a 31500436 =990 ##$$a 31500434 =990 ##$$a 31500433 =990 ##$$a 00092946